Developing leadership: questions business schools don't ask (Record no. 39902)
[ view plain ]
| 000 -LEADER | |
|---|---|
| fixed length control field | 00650nam a2200169 a 4500 |
| 008 - FIXED-LENGTH DATA ELEMENTS--GENERAL INFORMATION | |
| fixed length control field | 170117s2015 ||||||||||||||||| || u |
| 020 ## - INTERNATIONAL STANDARD BOOK NUMBER | |
| International Standard Book Number | 9781446296110 |
| 050 ## - LIBRARY OF CONGRESS CALL NUMBER | |
| Classification number | HF 5549 Dev |
| 100 ## - MAIN ENTRY--PERSONAL NAME | |
| Personal name | Mabey, Christopher |
| 245 10 - TITLE STATEMENT | |
| Title | Developing leadership: questions business schools don't ask |
| Statement of responsibility, etc. | Edited By Christopher Mabey and Wolfgang Mayrhofer |
| 260 ## - PUBLICATION, DISTRIBUTION, ETC. | |
| Place of publication, distribution, etc. | London |
| Date of publication, distribution, etc. | 2015 |
| 300 ## - PHYSICAL DESCRIPTION | |
| Extent | xx, 298p.: ill |
| 650 #0 - SUBJECT ADDED ENTRY--TOPICAL TERM | |
| Topical term or geographic name entry element | PERSONNEL MANAGEMENT |
| 650 #0 - SUBJECT ADDED ENTRY--TOPICAL TERM | |
| Topical term or geographic name entry element | LEADERSHIP |
| 700 ## - ADDED ENTRY--PERSONAL NAME | |
| Personal name | Mayrhofer, Wolfgang |
| 995 ## - RECOMMENDATION 995 [LOCAL, UNIMARC FRANCE] | |
| -- | CBU-MAIN LIBRARY (Kitwe) |
| -- | 1 |
| -- | AVAILABLE |
| -- | Feb 20, 2017 |
| -- | Main Library Open Access Collection |
| Withdrawn status | Lost status | Source of classification or shelving scheme | Damaged status | Not for loan | Home library | Current library | Shelving location | Date acquired | Total Checkouts | Full call number | Barcode | Date last seen | Price effective from | Koha item type |
|---|---|---|---|---|---|---|---|---|---|---|---|---|---|---|
| CBU-MAIN LIBRARY, KITWE. | CBU-MAIN LIBRARY, KITWE. | 11/30/2022 | HF 5549 Dev | 747499 | 11/30/2022 | 11/30/2022 | MONOGRAPH |